| 000 | 00512nam a2200205 a 4500 | ||
|---|---|---|---|
| 001 | 2719 | ||
| 003 | CDMR | ||
| 005 | 20151026134202.0 | ||
| 008 | 130130s1981||||||||||||||||||||||||||||d | ||
| 020 | _a8430054812 | ||
| 024 |
_2DL _aM411621981 |
||
| 040 |
_aCDMR _bcat _cCDMR |
||
| 110 | 2 |
_aAgencia EFE _9624 |
|
| 245 | 1 | 0 | _aManual de estilo |
| 260 |
_aMadrid _c1981 _bCastalia |
||
| 300 | _a182 p. | ||
| 490 |
_aDocumento _v21 |
||
| 654 |
_93772 _aPeriodisme--Manuals d'estil _vEstil periodÃstic |
||
| 942 |
_cMON _2udc |
||
| 999 |
_c2719 _d2719 |
||